000 01481nam2a2200289 4500
001 RU\NLR\bibl\1787500
005 20260405223358.0
010 _a978-5-915-22248-8
021 _aRU
_b2011-46211
_93285
035 _a(NLR Aleph) 001778218
090 _a1680840
_c1680840
100 _a20110712d2011 |||y0rusy50 ca
101 0 _arus
102 _aRU
105 _aa |||||||||
200 1 _aЦветные металлы
_eалюминий, медь, никель, олово, свинец, цинк
_f[Л.И. Ремизова, Л.В. Игревская, А.М. Лаптева и др.]
215 _a489, [1] с.
_cил.
461 0 _1001RU\NLR\bibl\1789916
_12001#$aМинеральное сырье: от недр до рынка$vТ. 2
_91695285
_cМосква
_d2011
_fотв. ред.: А.П. Ставский]
_nНаучный мир
_o[в 3 т.
_tМинеральное сырье: от недр до рынка
_vТ. 2
606 1 _aРуды цветных металлов
_xМесторождения
_91564047
_3RU\NLR\auth\66984551
686 _aД451.3
701 1 _aРемизова
_bЛ. И.
_4070
701 1 _4070
_8rus
_7ca
_aИгревская
_bЛ. В.
_gЛюдмила Валерьевна
_3RU\NLR\auth\7794970
_977896
701 1 _4070
_8rus
_7ca
_aЛаптева
_bА. М.
_cканд. геол.-минерал. наук
_gАнна Михайловна
_3RU\NLR\auth\77101572
_984498
801 0 _aRU
_bNLR
_c20110712
_gRCR
801 1 _aRU
_bNLR
_c20110712
942 _cBOOK
980 _aNB